000
00286nam a2200109Ia 4500
008
200302s9999 xx 000 0 und d
100
_a
Anique Hommels
245
_a
Unbuilding Cities Obduracy in Urban Sociotechnical Change
260
_b
The Mit Press
260
_c
2005
300
_a
281 P.,
999
_c
5739
_d
5739